[Event "Verbandsliga MV 2014-15"]
[Site "Mecklenburg-Vorpommern"]
[Date "2014.09.21"]
[Round "1.1"]
[White "Springer, Guido"]
[Black "Mehl, Ronald"]
[Result "0-1"]
[WhiteElo "1768"]
[BlackElo "2095"]
[PlyCount "88"]
[EventType "team-tourn"]
[EventRounds "9"]
[WhiteTeam "SV Gryps"]
[BlackTeam "FHSG Stralsund"]

1. d4 Nf6 2. Nf3 g6 3. c4 Bg7 4. Nc3 d5 5. e3 O-O 6. Be2 b6 7. Ne5 e6 8. f4 Bb7
9. Bf3 Ne4 10. Nxe4 dxe4 11. Be2 Qe7 12. O-O c5 13. Qc2 f6 14. Ng4 Nc6 15. dxc5
Qxc5 16. Bd2 h5 17. Nf2 f5 18. Rab1 a5 19. a3 a4 20. b4 axb3 21. Qxb3 Qxa3 22.
Qxb6 Rf7 23. Rfd1 Ra6 24. Qb3 Qc5 25. Qb5 Qa7 26. c5 Bf8 27. Bc4 Bc8 28. Bb4
Nxb4 29. Rxb4 Ra1 30. Rxa1 Qxa1+ 31. Rb1 Qa3 32. Qc6 Bd7 33. Qb6 Bxc5 34. Qb8+
Kh7 35. Qb3 Qa7 36. Re1 Qa5 37. Re2 Qa1+ 38. Qd1 Qc3 39. Qb3 Qc1+ 40. Nd1 Bc8
41. Kf2 Rd7 42. Nb2 Rb7 43. Bb5 Bd7 44. Qc4 Bxe3+ 0-1

[Event "Verbandsliga MV 2014-15"]
[Site "Mecklenburg-Vorpommern"]
[Date "2014.09.21"]
[Round "1.3"]
[White "Windjaeger, Gerd"]
[Black "Kohn, Andreas"]
[Result "1/2-1/2"]
[WhiteElo "1945"]
[BlackElo "1926"]
[PlyCount "43"]
[EventType "team-tourn"]
[EventRounds "9"]
[WhiteTeam "SV Gryps"]
[BlackTeam "FHSG Stralsund"]

1. d4 c5 2. e3 cxd4 3. exd4 d5 4. Bd3 Nf6 5. c3 Nc6 6. Bf4 Bg4 7. Qb3 Qd7 8.
Nd2 e6 9. Ngf3 a6 10. O-O Nh5 11. Ne5 Nxe5 12. Bxe5 Nf6 13. Rae1 Be7 14. f4 O-O
15. h3 Bf5 16. Bxf5 exf5 17. Bxf6 Bxf6 18. Nf3 Rfe8 19. Rxe8+ Rxe8 20. Ne5 Bxe5
21. fxe5 g6 22. Rf2 1/2-1/2

[Event "Verbandsliga MV 2014-15"]
[Site "Mecklenburg-Vorpommern"]
[Date "2014.09.21"]
[Round "1.4"]
[White "Kohn, Thomas"]
[Black "Mauser, Tassilo Tino"]
[Result "1/2-1/2"]
[WhiteElo "1886"]
[BlackElo "1682"]
[PlyCount "49"]
[EventType "team-tourn"]
[EventRounds "9"]
[WhiteTeam "FHSG Stralsund"]
[BlackTeam "SV Gryps"]

1. Nf3 Nf6 2. d4 c5 3. g3 e6 4. Bg2 d5 5. O-O Nc6 6. Nc3 Be7 7. Bg5 O-O 8. Qd2
cxd4 9. Nxd4 h6 10. Bxf6 Bxf6 11. Nxc6 bxc6 12. Rab1 Ba6 13. Rfe1 Rb8 14. Na4
Qe7 15. e4 Rb4 16. b3 dxe4 17. c3 Rb7 18. Bxe4 Rd7 19. Qc2 Rfd8 20. Red1 Rxd1+
21. Rxd1 Rxd1+ 22. Qxd1 Bb5 23. c4 Bxa4 24. bxa4 c5 25. Qb3 1/2-1/2

[Event "Verbandsliga MV 2014-15"]
[Site "Mecklenburg-Vorpommern"]
[Date "2014.09.21"]
[Round "1.5"]
[White "Mielke, Sven"]
[Black "Giese, Lothar"]
[Result "1/2-1/2"]
[WhiteElo "1815"]
[BlackElo "1787"]
[PlyCount "62"]
[EventType "team-tourn"]
[EventRounds "9"]
[WhiteTeam "SV Gryps"]
[BlackTeam "FHSG Stralsund"]

1. e4 c5 2. Nf3 Nc6 3. c3 d6 4. Be2 Nf6 5. d3 e5 6. O-O Be7 7. Na3 O-O 8. Nc4
Be6 9. Ne3 d5 10. Ng5 Qd7 11. Nxe6 Qxe6 12. exd5 Nxd5 13. Qb3 Nf4 14. Qc2 Nxe2+
15. Qxe2 f5 16. f3 Rad8 17. Rd1 Rd7 18. Nc2 Rfd8 19. Be3 b6 20. b3 f4 21. Bxf4
Qf5 22. Bg3 Rxd3 23. Ne3 Qd7 24. c4 Bf6 25. Nd5 Rxd1+ 26. Rxd1 Nd4 27. Qe4 Re8
28. Re1 Qf5 29. f4 Qxe4 30. Rxe4 Nc6 31. a3 Kf7 1/2-1/2

[Event "Verbandsliga MV 2014-15"]
[Site "Mecklenburg-Vorpommern"]
[Date "2014.09.21"]
[Round "1.6"]
[White "Glawe, Hartmut"]
[Black "Hollatz, Michael"]
[Result "1-0"]
[WhiteElo "1865"]
[BlackElo "1776"]
[PlyCount "123"]
[EventType "team-tourn"]
[EventRounds "9"]
[WhiteTeam "FHSG Stralsund"]
[BlackTeam "SV Gryps"]

1. d4 d5 2. c4 c6 3. Nf3 Nf6 4. Nc3 e6 5. e3 Bd6 6. Bd3 dxc4 7. Bxc4 Nbd7 8.
O-O Qc7 9. e4 e5 10. dxe5 Nxe5 11. Nxe5 Bxe5 12. f4 Bxc3 13. bxc3 O-O 14. Qc2
Re8 15. Bd3 h6 16. c4 Qe7 17. e5 Nd7 18. Bb2 Nb6 19. f5 Qc5+ 20. Kh1 Nd7 21. f6
g5 22. Rae1 Nxe5 23. Qc3 Bf5 24. Rxf5 Nxd3 25. Rxe8+ Rxe8 26. Rxc5 Nxc5 27. h4
Ne4 28. Qd4 g4 29. Qd7 Re6 30. Qd8+ Kh7 31. Qf8 Kg6 32. Qg7+ Kf5 33. Qh7+ Kf4
34. Qxh6+ Kg3 35. Kg1 Nxf6 36. Qxf6 Re1+ 37. Qf1 Rxf1+ 38. Kxf1 Kxh4 39. Kf2 f5
40. Bf6+ Kh5 41. Kg3 b5 42. c5 a5 43. Kf4 Kg6 44. Bd8 a4 45. Ba5 Kf6 46. Bc3+
Ke6 47. g3 Kd5 48. Bb4 Ke6 49. Ba3 Kf6 50. Bb2+ Ke6 51. a3 Kd5 52. Kxf5 Kxc5
53. Kxg4 b4 54. Kf5 bxa3 55. Bxa3+ Kc4 56. g4 Kb3 57. Bd6 a3 58. g5 a2 59. Be5
c5 60. g6 c4 61. g7 a1=Q 62. Bxa1 1-0

[Event "Verbandsliga MV 2014-15"]
[Site "Mecklenburg-Vorpommern"]
[Date "2014.09.21"]
[Round "1.7"]
[White "Rogasch, Miriam"]
[Black "Rickmann, Niklas"]
[Result "1-0"]
[WhiteElo "1747"]
[BlackElo "1758"]
[PlyCount "83"]
[EventType "team-tourn"]
[EventRounds "9"]
[WhiteTeam "SV Gryps"]
[BlackTeam "FHSG Stralsund"]

1. e4 e6 2. d3 d5 3. Nd2 Nf6 4. Be2 c5 5. Ngf3 Nc6 6. O-O Be7 7. Re1 O-O 8. c3
Qc7 9. Qc2 b6 10. Nf1 Bb7 11. Ng3 Rac8 12. Be3 Rfd8 13. Rac1 Ng4 14. d4 Nxe3
15. fxe3 f6 16. Rf1 Na5 17. exd5 Bxd5 18. Bd3 f5 19. Ne5 cxd4 20. exd4 Bf6 21.
Rce1 Bxe5 22. Rxe5 Nc6 23. Re2 Qb7 24. Qd2 Bxa2 25. Ra1 f4 26. Qxf4 Bc4 27.
Bxc4 Nxd4 28. Bxe6+ Nxe6 29. Rxe6 Rf8 30. Qe4 Qb8 31. Re1 Rcd8 32. Re7 Qd6 33.
Qe5 Qxe5 34. R7xe5 Rd2 35. R5e2 Rd5 36. Re8 Rd2 37. Rxf8+ Kxf8 38. Re2 Rd3 39.
Ne4 h6 40. Kf2 a5 41. Rd2 Rxd2+ 42. Nxd2 1-0

[Event "Verbandsliga MV 2014-15"]
[Site "Mecklenburg-Vorpommern"]
[Date "2014.09.21"]
[Round "1.8"]
[White "Vietinghoff, Klaus"]
[Black "Giering, Nils"]
[Result "0-1"]
[WhiteElo "1690"]
[BlackElo "1635"]
[PlyCount "100"]
[EventType "team-tourn"]
[EventRounds "9"]
[WhiteTeam "FHSG Stralsund"]
[BlackTeam "SV Gryps"]

1. f4 d5 2. Nf3 c5 3. e3 Nc6 4. Bb5 a6 5. Bxc6+ bxc6 6. d3 g6 7. Ne5 Qc7 8. Nd2
Bg7 9. Nef3 Nh6 10. O-O Rb8 11. Rb1 Nf5 12. Qe1 O-O 13. g4 Nh6 14. h3 f5 15. g5
Nf7 16. Qg3 e5 17. b3 e4 18. Nh4 Re8 19. Bb2 Qa5 20. Bxg7 Kxg7 21. Qg2 Qxa2 22.
dxe4 fxe4 23. f5 Bxf5 24. Rxf5 gxf5 25. Nxf5+ Kh8 26. h4 Rg8 27. Rf1 Qb2 28.
Kh1 Qe5 29. Rf4 Rbf8 30. Qg4 Qe6 31. Nh6 Qxg4 32. Nxg4 Nd8 33. Nf6 Ne6 34. Rf5
Rg7 35. Re5 Re7 36. c4 d4 37. exd4 cxd4 38. Rxe4 Rff7 39. b4 d3 40. Kg1 Kg7 41.
Nf3 h6 42. Nd2 hxg5 43. hxg5 Nxg5 44. Nh5+ Kh6 45. Rxe7 Rxe7 46. Ng3 Rf7 47.
Ngf1 Nf3+ 48. Kg2 Nxd2 49. Nxd2 Kg5 50. Kg3 Rf4 0-1

[Event "Verbandsliga MV 2014-15"]
[Site "Mecklenburg-Vorpommern"]
[Date "2014.09.21"]
[Round "1.1"]
[White "Weyrich, Morten"]
[Black "Dettmann, Gerd"]
[Result "0-1"]
[WhiteElo "2190"]
[BlackElo "2139"]
[PlyCount "39"]
[EventType "team-tourn"]
[EventRounds "9"]
[WhiteTeam "SF Schwerin  III"]
[BlackTeam "SG Güstrow/Teterow"]

1. d4 Nf6 2. Bf4 d5 3. e3 Nbd7 4. Bd3 c5 5. c3 e6 6. Nf3 Nh5 7. Bg3 Be7 8. Nbd2
a6 9. Qe2 g6 10. Bc2 Qb6 11. Rb1 Qd8 12. e4 O-O 13. O-O Nxg3 14. hxg3 b5 15.
exd5 exd5 16. dxc5 Nxc5 17. Nd4 Bf6 18. Qf3 Qd6 19. Rfe1 Bd7 20. Ne6 0-1

[Event "Verbandsliga MV 2014-15"]
[Site "Mecklenburg-Vorpommern"]
[Date "2014.09.21"]
[Round "1.2"]
[White "Waschk, Armin"]
[Black "Westphal, Wolfgang"]
[Result "1-0"]
[WhiteElo "2086"]
[BlackElo "2084"]
[PlyCount "93"]
[EventType "team-tourn"]
[EventRounds "9"]
[WhiteTeam "SG Güstrow/Teterow"]
[BlackTeam "SF Schwerin  III"]

1. c4 Nf6 2. Nc3 e5 3. g3 Bb4 4. Bg2 Bxc3 5. bxc3 O-O 6. Ba3 Re8 7. e4 b6 8.
Qb3 d6 9. d3 Be6 10. Nf3 h6 11. O-O Qc8 12. Nd2 Bh3 13. Qc2 Nc6 14. f3 Ne7 15.
Rf2 Bxg2 16. Kxg2 Ng6 17. Nf1 Qe6 18. Ne3 c6 19. f4 exf4 20. gxf4 Ng4 21. Nxg4
Qxg4+ 22. Kh1 d5 23. cxd5 cxd5 24. Rg1 Qh5 25. f5 Nh4 26. Bd6 Rad8 27. Bg3 dxe4
28. dxe4 Rd7 29. Rf4 g5 30. Bxh4 Kh8 31. Rfg4 Red8 32. Be1 Rd1 33. c4 Kh7 34.
Qe2 f6 35. e5 fxe5 36. Qxe5 Re8 37. Qc7+ Kg8 38. f6 Qf7 39. Qxf7+ Kxf7 40. Bc3
Rxg1+ 41. Rxg1 Re3 42. Rg3 Re4 43. Rd3 Rxc4 44. Rd7+ Kg6 45. Rg7+ Kh5 46. f7
Rf4 47. Be5 1-0

[Event "Verbandsliga MV 2014-15"]
[Site "Mecklenburg-Vorpommern"]
[Date "2014.09.21"]
[Round "1.3"]
[White "Hanisch, Sebastian"]
[Black "Luther, Alexander"]
[Result "1/2-1/2"]
[WhiteElo "2017"]
[BlackElo "1928"]
[PlyCount "94"]
[EventType "team-tourn"]
[EventRounds "9"]
[WhiteTeam "SF Schwerin  III"]
[BlackTeam "SG Güstrow/Teterow"]

1. d4 Nf6 2. c4 e6 3. Nc3 d5 4. Bg5 Be7 5. e3 O-O 6. Bd3 dxc4 7. Bxc4 Nbd7 8.
Nf3 b6 9. O-O Bb7 10. Bd3 c5 11. Re1 Rc8 12. Rc1 h6 13. Bh4 cxd4 14. exd4 Nd5
15. Bxe7 Qxe7 16. Ne5 Rfd8 17. Qg4 N7f6 18. Qh4 Nb4 19. Bb1 Qd6 20. Rcd1 a6 21.
Re3 Nbd5 22. Rg3 Nxc3 23. bxc3 Qxe5 24. Rf1 Qd6 25. Qxf6 Qxg3 26. Qxd8+ Rxd8
27. hxg3 Rc8 28. Rc1 Bd5 29. a3 Kf8 30. f3 Ke7 31. Kf2 Kd6 32. Ke3 b5 33. Bd3
Bc4 34. Rb1 Bxd3 35. Kxd3 Kc6 36. a4 bxa4 37. Rb4 a5 38. Rxa4 Kb5 39. Ra1 Rc7
40. Rb1+ Kc6 41. c4 a4 42. Kc3 Rd7 43. Ra1 Ra7 44. Ra2 Kb6 45. Kb4 Rd7 46. Rd2
Ra7 47. Ra2 Rd7 1/2-1/2

[Event "Verbandsliga MV 2014-15"]
[Site "Mecklenburg-Vorpommern"]
[Date "2014.09.21"]
[Round "1.4"]
[White "Dettmann, Holger"]
[Black "Wagner, Ralph"]
[Result "1/2-1/2"]
[WhiteElo "1905"]
[BlackElo "2059"]
[PlyCount "33"]
[EventType "team-tourn"]
[EventRounds "9"]
[WhiteTeam "SG Güstrow/Teterow"]
[BlackTeam "SF Schwerin  III"]

1. d4 d5 2. e3 Nf6 3. Bd3 c6 4. Ne2 Qc7 5. Nd2 Nbd7 6. f4 g6 7. O-O Bg7 8. c3
O-O 9. Ng3 Ne8 10. Nf3 Nd6 11. b3 f5 12. c4 e6 13. Ba3 Re8 14. Ne5 Nf6 15. Bxd6
Qxd6 16. c5 Qe7 17. b4 1/2-1/2

[Event "Verbandsliga MV 2014-15"]
[Site "Mecklenburg-Vorpommern"]
[Date "2014.09.21"]
[Round "1.5"]
[White "Hueneburg, Christian"]
[Black "Kiel, Bernd"]
[Result "1/2-1/2"]
[WhiteElo "2087"]
[BlackElo "1896"]
[PlyCount "86"]
[EventType "team-tourn"]
[EventRounds "9"]
[WhiteTeam "SF Schwerin  III"]
[BlackTeam "SG Güstrow/Teterow"]

1. e4 d5 2. exd5 Qxd5 3. Nf3 Nf6 4. Be2 e5 5. O-O Bf5 6. Nc3 Qa5 7. d4 e4 8.
Ne5 c6 9. Bc4 Bg6 10. Re1 Bd6 11. Bf4 Bxe5 12. dxe5 Nh5 13. Bd2 Qxe5 14. Nxe4
O-O 15. Bc3 Qf4 16. g3 Qf5 17. Bd3 Qd5 18. Qe2 Nd7 19. Rad1 Rfe8 20. f3 Ne5 21.
Qf2 Nxd3 22. Rxd3 Qc4 23. Rd4 Qxa2 24. Rd7 b5 25. b3 Qa6 26. Kh1 Qb6 27. Bd4 c5
28. Bxc5 Qc6 29. Rd6 Qb7 30. Qd4 Rac8 31. Re3 Bxe4 32. fxe4 Nf6 33. Kg1 Nxe4
34. Rd7 Qc6 35. Re7 Rxe7 36. Bxe7 f5 37. c3 a6 38. b4 Nxc3 39. Qe5 Ne4 40. Qxf5
Qc1+ 41. Kg2 Qd2+ 42. Kh3 Nf2+ 43. Kg2 Ne4+ (43... Nd1+ 44. Kh3 Qg2+ 45. Kxg2
Nxe3+ 46. Kf2 Nxf5 $19) 1/2-1/2

[Event "Verbandsliga MV 2014-15"]
[Site "Mecklenburg-Vorpommern"]
[Date "2014.09.21"]
[Round "1.6"]
[White "Fidorra, Thomas"]
[Black "Roehl, Rainer"]
[Result "1-0"]
[WhiteElo "1879"]
[BlackElo "2007"]
[PlyCount "53"]
[EventType "team-tourn"]
[EventRounds "9"]
[WhiteTeam "SG Güstrow/Teterow"]
[BlackTeam "SF Schwerin  III"]

1. e4 c5 2. Nf3 g6 3. Nc3 Bg7 4. Bc4 Nc6 5. O-O Nf6 6. e5 Nh5 7. d3 Nxe5 8.
Nxe5 Bxe5 9. Bh6 Bg7 10. Bxg7 Nxg7 11. Qf3 O-O 12. Rae1 d6 13. Ne4 Be6 14. Ng5
Qd7 15. Bxe6 Nxe6 16. Qh3 h5 17. Nxe6 fxe6 18. Rxe6 Rf6 19. Rfe1 Rd8 20. Rxe7
Qxh3 21. gxh3 Rdf8 22. Rxb7 Rxf2 23. Ree7 Rf1+ 24. Kg2 R1f2+ 25. Kg3 R8f3+ 26.
Kh4 g5+ 27. Kxh5 1-0

[Event "Verbandsliga MV 2014-15"]
[Site "Mecklenburg-Vorpommern"]
[Date "2014.09.21"]
[Round "1.7"]
[White "Helms, Sven"]
[Black "Ramp, Oliver"]
[Result "1-0"]
[WhiteElo "1928"]
[BlackElo "1806"]
[PlyCount "41"]
[EventType "team-tourn"]
[EventRounds "9"]
[WhiteTeam "SF Schwerin  III"]
[BlackTeam "SG Güstrow/Teterow"]

1. d4 c5 2. e4 cxd4 3. c3 d3 4. Bxd3 Nc6 5. f4 d6 6. Nf3 g6 7. Na3 Bg7 8. Qe2
Nf6 9. O-O Bg4 10. h3 Bxf3 11. Qxf3 O-O 12. Be3 Nd7 13. Nb5 a6 14. Nd4 Qc7 15.
Rad1 Nc5 16. Bc2 Nxd4 17. cxd4 Ne6 18. Bb3 Qb6 19. Qf2 Rac8 20. f5 Nd8 21. Qg3
1-0

[Event "Verbandsliga MV 2014-15"]
[Site "Mecklenburg-Vorpommern"]
[Date "2014.09.21"]
[Round "1.8"]
[White "Dettmann, Uwe"]
[Black "Andersen, Finn"]
[Result "1/2-1/2"]
[WhiteElo "1812"]
[BlackElo "1992"]
[PlyCount "35"]
[EventType "team-tourn"]
[EventRounds "9"]
[WhiteTeam "SG Güstrow/Teterow"]
[BlackTeam "SF Schwerin  III"]

1. d4 Nf6 2. g3 d6 3. Bg2 Nbd7 4. b3 e5 5. dxe5 dxe5 6. Bb2 c6 7. e4 Qc7 8. Ne2
Bc5 9. O-O O-O 10. c4 Re8 11. Nbc3 a5 12. Qc2 b5 13. cxb5 cxb5 14. Rac1 Qb6 15.
Nd5 Nxd5 16. exd5 Qa6 17. Nc3 Bd4 18. Ne4 1/2-1/2

[Event "Verbandsliga MV 2014-15"]
[Site "Mecklenburg-Vorpommern"]
[Date "2014.09.21"]
[Round "1.1"]
[White "Stutz, Reno"]
[Black "Schinke, Andreas"]
[Result "0-1"]
[WhiteElo "1947"]
[BlackElo "2042"]
[PlyCount "60"]
[EventType "team-tourn"]
[EventRounds "9"]
[WhiteTeam "ASV Gruen-Weiss Wismar"]
[BlackTeam "SV Blau-Weiss Grevesmuehlen"]

1. e4 c5 2. c3 g6 3. d4 cxd4 4. cxd4 d5 5. e5 Bg7 6. Nf3 Bg4 7. Be2 Nc6 8. O-O
Nh6 9. Nc3 O-O 10. h3 Bxf3 11. Bxf3 e6 12. Be3 f6 13. Qd2 Nf5 14. Rae1 Nxe3 15.
fxe3 fxe5 16. Bg4 Qe7 17. dxe5 Nxe5 18. Be2 Qg5 19. Rf4 Qe7 20. Ref1 Bh6 21.
Nxd5 exd5 22. Qxd5+ Kh8 23. Re4 Rxf1+ 24. Bxf1 Bg7 25. Be2 Rc8 26. b3 Rc1+ 27.
Kh2 Qc7 28. Rf4 g5 29. Qe6 Ng6 30. Bc4 Qb8 0-1

[Event "Verbandsliga MV 2014-15"]
[Site "Mecklenburg-Vorpommern"]
[Date "2014.09.21"]
[Round "1.2"]
[White "Boehme, Andy"]
[Black "Kliewe, Hans Juergen"]
[Result "0-1"]
[WhiteElo "2018"]
[BlackElo "1972"]
[PlyCount "142"]
[EventType "team-tourn"]
[EventRounds "9"]
[WhiteTeam "SV Blau-Weiss Grevesmuehlen"]
[BlackTeam "ASV Gruen-Weiss Wismar"]

1. Nf3 d5 2. c4 d4 3. g3 c5 4. Bg2 Nc6 5. d3 e5 6. O-O Nf6 7. b4 cxb4 8. a3 Bd7
9. axb4 Bxb4 10. Ba3 a5 11. Nbd2 O-O 12. Ng5 h6 13. Nge4 Nxe4 14. Nxe4 Qe7 15.
Qb3 Rfb8 16. Rfb1 Ra7 17. Bxb4 Nxb4 18. Qa3 Ra6 19. Rb2 Bc6 20. Nd2 Bxg2 21.
Kxg2 Raa8 22. Qa4 Qe8 23. Nb3 b5 24. cxb5 Rxb5 25. Nd2 Qc6+ 26. f3 Rab8 27. Nc4
Qc5 28. Na3 R5b7 29. Nc4 Nc6 30. Rxb7 Rxb7 31. Nxa5 Ra7 32. Qxc6 Qxc6 33. Nxc6
Rxa1 34. Nxe5 Rc1 35. f4 Rc5 36. Kf3 f6 37. Nc4 f5 38. h3 Kf7 39. g4 g6 40.
Ne5+ Kg7 41. Nc4 Kf6 42. Nd2 Rc8 43. Nb3 Rd8 44. Nc5 Rd6 45. Nb3 fxg4+ 46. hxg4
h5 47. Nc5 Rd8 48. Ne4+ Kg7 49. Kg3 Kh6 50. Ng5 Re8 51. Ne4 Ra8 52. Kh4 Rf8 53.
g5+ Kg7 54. Kg3 Kf7 55. Kf3 Ke6 56. Nc5+ Kf5 57. Ne4 h4 58. Nf2 Ra8 59. Ng4 Ra2
60. e4+ dxe3 61. Nxe3+ Ke6 62. Kg4 Rd2 63. Kxh4 Rxd3 64. f5+ gxf5 65. Ng2 Ke5
66. g6 Kf6 67. g7 Rd4+ 68. Kh5 Rg4 69. Nf4 Rxg7 70. Kh6 Rg8 71. Kh7 Rg4 0-1

[Event "Verbandsliga MV 2014-15"]
[Site "Mecklenburg-Vorpommern"]
[Date "2014.09.21"]
[Round "1.3"]
[White "Littke, Helmut"]
[Black "Naujok, Joerg"]
[Result "1/2-1/2"]
[WhiteElo "1992"]
[BlackElo "1958"]
[PlyCount "23"]
[EventType "team-tourn"]
[EventRounds "9"]
[WhiteTeam "ASV Gruen-Weiss Wismar"]
[BlackTeam "SV Blau-Weiss Grevesmuehlen"]

1. c4 g6 2. d4 Bg7 3. e4 d6 4. Nc3 Nf6 5. Be2 Nbd7 6. Nf3 e5 7. dxe5 dxe5 8.
Bg5 O-O 9. Qd2 c6 10. Bh6 Nc5 11. Bxg7 Qxd2+ 12. Nxd2 1/2-1/2

[Event "Verbandsliga MV 2014-15"]
[Site "Mecklenburg-Vorpommern"]
[Date "2014.09.21"]
[Round "1.4"]
[White "Wecke, Thoralf"]
[Black "Bahr, Enrico"]
[Result "1-0"]
[WhiteElo "1909"]
[BlackElo "1836"]
[PlyCount "59"]
[EventType "team-tourn"]
[EventRounds "9"]
[WhiteTeam "SV Blau-Weiss Grevesmuehlen"]
[BlackTeam "ASV Gruen-Weiss Wismar"]

1. d4 Nf6 2. Bg5 d5 3. Bxf6 gxf6 4. c4 c6 5. e3 Bf5 6. Qb3 Qb6 7. Qxb6 axb6 8.
cxd5 Bxb1 9. Rxb1 Rxa2 10. Bc4 Ra4 11. Rc1 b5 12. dxc6 bxc6 13. Bd3 e6 14. Ne2
Ra2 15. Rb1 Bb4+ 16. Kd1 O-O 17. Kc2 Nd7 18. Ra1 Rfa8 19. Rxa2 Rxa2 20. Kb3 Ra4
21. Rc1 Bd2 22. Rxc6 Rb4+ 23. Kc2 Be1 24. f3 Bf2 25. Rd6 Nf8 26. e4 Ng6 27. g3
e5 28. d5 Ne7 29. Rxf6 Kg7 30. Ra6 1-0

[Event "Verbandsliga MV 2014-15"]
[Site "Mecklenburg-Vorpommern"]
[Date "2014.09.21"]
[Round "1.5"]
[White "Pentzien, Volker"]
[Black "Stiegler, Maik"]
[Result "0-1"]
[WhiteElo "1830"]
[BlackElo "1857"]
[PlyCount "68"]
[EventType "team-tourn"]
[EventRounds "9"]
[WhiteTeam "ASV Gruen-Weiss Wismar"]
[BlackTeam "SV Blau-Weiss Grevesmuehlen"]

1. e4 d6 2. d4 g6 3. f4 Bg7 4. Nf3 Bg4 5. Be2 Nf6 6. e5 Ne4 7. Nbd2 Nxd2 8.
Bxd2 O-O 9. O-O Nd7 10. h3 Bxf3 11. Bxf3 c5 12. c3 cxd4 13. cxd4 Qb6 14. Bc3
dxe5 15. fxe5 Nxe5 16. Bxb7 Rab8 17. Bd5 e6 18. Kh1 Nc6 19. Bxc6 Qxc6 20. Qf3
Qb6 21. Rad1 Rbd8 22. a3 Rd5 23. g4 Qc7 24. Rf2 Rfd8 25. Rfd2 R8d7 26. Qe3 Qd8
27. Kg2 Bf6 28. Qe4 e5 29. Bb4 exd4 30. Rf2 Re5 31. Qf4 Bg7 32. Rxd4 Rxd4 33.
Qxf7+ Kh8 34. Bc3 Re7 {ZÜ} 0-1

[Event "Verbandsliga MV 2014-15"]
[Site "Mecklenburg-Vorpommern"]
[Date "2014.09.21"]
[Round "1.6"]
[White "Haase, Sebastian"]
[Black "Podolskiy, Alexander"]
[Result "1/2-1/2"]
[WhiteElo "1745"]
[BlackElo "1828"]
[PlyCount "31"]
[EventType "team-tourn"]
[EventRounds "9"]
[WhiteTeam "SV Blau-Weiss Grevesmuehlen"]
[BlackTeam "ASV Gruen-Weiss Wismar"]

1. d4 d5 2. Bf4 Bf5 3. Nf3 e6 4. e3 Bd6 5. Bxd6 Qxd6 6. c3 Nd7 7. Bd3 Bxd3 8.
Qxd3 Ngf6 9. Nbd2 O-O 10. O-O c5 11. Rfe1 cxd4 12. exd4 Rac8 13. Rac1 Rc7 14.
h3 h6 15. Ne5 Qb6 16. Nxd7 1/2-1/2

[Event "Verbandsliga MV 2014-15"]
[Site "Mecklenburg-Vorpommern"]
[Date "2014.09.21"]
[Round "1.8"]
[White "Wulff, Jens Peter"]
[Black "Piske, Thomas"]
[Result "1/2-1/2"]
[WhiteElo "1638"]
[BlackElo "1777"]
[PlyCount "58"]
[EventType "team-tourn"]
[EventRounds "9"]
[WhiteTeam "SV Blau-Weiss Grevesmuehlen"]
[BlackTeam "ASV Gruen-Weiss Wismar"]

1. d4 Nf6 2. Nf3 g6 3. Bf4 Bg7 4. e3 O-O 5. Bd3 d6 6. h3 c5 7. c3 cxd4 8. exd4
Nc6 9. O-O Nh5 10. Bh2 Qb6 11. Qe2 d5 12. g4 Nf6 13. Ne5 e6 14. Kh1 Nd7 15. f4
Qd8 16. Na3 a6 17. Rae1 Na5 18. f5 exf5 19. gxf5 Nf6 20. Qg2 b5 21. b4 Nc4 22.
Nc6 Qb6 23. Ne7+ Kh8 24. fxg6 Ne4 25. gxh7 Bb7 26. Rg1 Qf6 27. Nxc4 Nf2+ 28.
Qxf2 Qxf2 29. Ne5 Rae8 1/2-1/2

[Event "Verbandsliga MV 2014-15"]
[Site "Mecklenburg-Vorpommern"]
[Date "2014.09.21"]
[Round "1.1"]
[White "Schmekel, Florian"]
[Black "Skibbe, Willi"]
[Result "0-1"]
[WhiteElo "1795"]
[BlackElo "2200"]
[PlyCount "56"]
[EventType "team-tourn"]
[EventRounds "9"]
[WhiteTeam "SAV Torgelow-Droegeheide 90"]
[BlackTeam "SSC Rostock 07  II"]

1. d4 d5 2. c4 Nc6 3. Nf3 Bg4 4. cxd5 Bxf3 5. gxf3 Qxd5 6. e3 e5 7. Nc3 Bb4 8.
Bd2 Bxc3 9. bxc3 Qd7 10. Rb1 O-O-O 11. Qa4 b6 12. Rg1 g6 13. Bb5 Nge7 14. Bc1
Kb7 15. Ba3 Qe6 16. Bxe7 Nxe7 17. Bd3 f5 18. Kd2 Qd6 19. Rgc1 Kb8 20. Ke2 c5
21. Ba6 exd4 22. cxd4 cxd4 23. Rd1 Nd5 24. Qxd4 Qa3 25. Qe5+ Ka8 26. Rxd5 Qxa2+
27. Kf1 Qxd5 28. Qc7 Qxf3 0-1

[Event "Verbandsliga MV 2014-15"]
[Site "Mecklenburg-Vorpommern"]
[Date "2014.09.21"]
[Round "1.2"]
[White "Weber, Max"]
[Black "Zentgraf, Robert"]
[Result "1/2-1/2"]
[WhiteElo "2167"]
[BlackElo "2115"]
[PlyCount "27"]
[EventType "team-tourn"]
[EventRounds "9"]
[WhiteTeam "SSC Rostock 07  II"]
[BlackTeam "SAV Torgelow-Droegeheide 90"]

1. d4 Nf6 2. c4 g6 3. Nc3 Bg7 4. e4 d6 5. Be2 O-O 6. Nf3 Na6 7. O-O e5 8. Re1
Bg4 9. d5 Nc5 10. Nd2 Nd3 11. f3 Nxc1 12. fxg4 Nxe2+ 13. Qxe2 h5 14. g5 1/2-1/2

[Event "Verbandsliga MV 2014-15"]
[Site "Mecklenburg-Vorpommern"]
[Date "2014.09.21"]
[Round "1.3"]
[White "Ehlers, Michael"]
[Black "Engel, Gunnar"]
[Result "0-1"]
[WhiteElo "1878"]
[BlackElo "2016"]
[PlyCount "80"]
[EventType "team-tourn"]
[EventRounds "9"]
[WhiteTeam "SAV Torgelow-Droegeheide 90"]
[BlackTeam "SSC Rostock 07  II"]

1. e4 c5 2. Nf3 d6 3. d4 cxd4 4. Nxd4 Nf6 5. Nc3 a6 6. Be3 e5 7. Nb3 Be7 8. Be2
O-O 9. O-O Be6 10. Qd3 Qc7 11. Rfd1 Nbd7 12. Nd5 Bxd5 13. exd5 e4 14. Qd4 Rfe8
15. Rac1 Bf8 16. h3 g6 17. Qb4 Bg7 18. Na5 Ne5 19. Nb3 b5 20. Rd4 Qd7 21. Nd2
Re7 22. Bg5 Nc4 23. Nxc4 bxc4 24. Qxc4 Qf5 25. Be3 Nd7 26. Qc6 Rd8 27. Rb4 Ne5
28. Qxa6 g5 29. Qb6 Ree8 30. a4 Qg6 31. Bd4 h5 32. Qc7 Rc8 33. Qa7 Ra8 34. Qb7
Kh7 35. b3 g4 36. hxg4 hxg4 37. Rb6 Nf3+ 38. Kf1 Bxd4 39. Rc6 Ra7 40. Qb4 Qh6
0-1

[Event "Verbandsliga MV 2014-15"]
[Site "Mecklenburg-Vorpommern"]
[Date "2014.09.21"]
[Round "1.4"]
[White "Pererva, Viktor"]
[Black "Bauer, Norbert"]
[Result "1-0"]
[WhiteElo "2013"]
[BlackElo "1957"]
[PlyCount "85"]
[EventType "team-tourn"]
[EventRounds "9"]
[WhiteTeam "SSC Rostock 07  II"]
[BlackTeam "SAV Torgelow-Droegeheide 90"]

1. e4 c5 2. Nf3 Nc6 3. d4 cxd4 4. Nxd4 Nf6 5. Nc3 d6 6. Bg5 e6 7. Qd2 a6 8.
O-O-O Bd7 9. f4 Qc7 10. Bxf6 gxf6 11. f5 h5 12. Kb1 b5 13. g3 Rc8 14. fxe6 fxe6
15. Bh3 Nxd4 16. Qxd4 Be7 17. Rhf1 Qc5 18. Qd2 Qe5 19. Ne2 h4 20. Nf4 Kf7 21.
gxh4 Rxh4 22. Qf2 Rch8 23. Qg3 Rxf4 24. Rxf4 Rxh3 25. Qxh3 Qxf4 26. Qh5+ Kf8
27. Rg1 Qg5 28. Rxg5 fxg5 29. Qh6+ Kf7 30. Qh7+ Kf8 31. Qh8+ Kf7 32. Qa8 Bf6
33. Qxa6 Be5 34. h3 Bf4 35. Qa7 Ke8 36. b3 e5 37. Qa8+ Ke7 38. a4 bxa4 39. bxa4
Bxh3 40. Qb7+ Kf6 41. a5 g4 42. a6 g3 43. Qb6 1-0

[Event "Verbandsliga MV 2014-15"]
[Site "Mecklenburg-Vorpommern"]
[Date "2014.09.21"]
[Round "1.5"]
[White "Onasch, Paul"]
[Black "Mangold, Thomas"]
[Result "1/2-1/2"]
[WhiteElo "1975"]
[BlackElo "1922"]
[PlyCount "48"]
[EventType "team-tourn"]
[EventRounds "9"]
[WhiteTeam "SAV Torgelow-Droegeheide 90"]
[BlackTeam "SSC Rostock 07  II"]

1. d4 Nf6 2. Nf3 g6 3. Nbd2 d5 4. e3 c5 5. c3 Bg7 6. Bd3 Nc6 7. O-O O-O 8. dxc5
e5 9. e4 dxe4 10. Nxe4 Nxe4 11. Bxe4 Be6 12. Qe2 Qe7 13. Ng5 Bd7 14. Rd1 h6 15.
Nf3 Rfd8 16. Bd5 Kh7 17. Qc4 Na5 18. Qe2 f5 19. b4 Ba4 20. Rd2 Nc6 21. Bb2 Rd7
22. Bb3 Bxb3 23. Rxd7 Qxd7 24. axb3 e4 1/2-1/2